000 00353nam a2200145 i 4500
001 bg
100 1 _aChwiej, Mieczysław.
245 0 _aRysunek techniczny z geometrią wykreślną /
_cM. Chwiej.
260 _aWarszawa,
_c1969.
040 _cBPK
041 _apol
080 _a744+514.18
942 _cKS
008 s pl f |000 0 pol
999 _c10152
_d10152
856 _uhttp://koha.tu.koszalin.pl/cgi-bin/koha/opac-detail.pl?biblionumber=10152
_yKatalog online BPK